00851nam a22002297a 450000500170000000800410001702000280005802000250008602000240011104000410013504100080017610000250018424500970020925000100030626000640031630000220038065000510040265000500045365000500050365000400055371000280059320251110074007.0251110t ||||| |||| 00| 0 spa d a9789585006065 (impreso) a9789585006058 (ePub) a9789585006072 (pdf) aCO-BoUCMcDavid MorenodDavid Moreno aspa1 aMontoya Ruiz, Sandra aDiplomacia cultural y estigmabEsperanza y tragedia en América LatinacSandra Montoya Ruiz a1a.Ed aBogotá, ColombiabEditorial Universidad del Rosarioc2025 axvii, 285 paginas14aEstigma (psicologia social)xInterculturalidad14aIdentificacion culturalxEsperanza y tragedia14aRelaciones exterioresxPolitica internacional14aDiplomacia culturalxAmerica Latina2 aUniversidad del Rosario